Poverty, intra-household distribution and gender relations in Bangladesh : (Record no. 2003)
[ view plain ]
| 000 -LEADER | |
|---|---|
| fixed length control field | 00969nam a2200253 a 4500 |
| 003 - CONTROL NUMBER IDENTIFIER | |
| control field | BD-DhJNU |
| 005 - DATE AND TIME OF LATEST TRANSACTION | |
| control field | 20250821043256.0 |
| 008 - FIXED-LENGTH DATA ELEMENTS--GENERAL INFORMATION | |
| fixed length control field | 110622s2011 bg a b 001 0 eng |
| 020 ## - INTERNATIONAL STANDARD BOOK NUMBER | |
| International Standard Book Number | 9789845060301 |
| 040 ## - CATALOGING SOURCE | |
| Original cataloging agency | BD-DhJNU |
| Language of cataloging | ENG |
| Transcribing agency | BD-DhJNU |
| Modifying agency | BD-DhJNU |
| 082 00 - DEWEY DECIMAL CLASSIFICATION NUMBER | |
| Classification number | 339.460 POV |
| Edition number | 23 |
| 245 00 - TITLE STATEMENT | |
| Title | Poverty, intra-household distribution and gender relations in Bangladesh : |
| Remainder of title | evidence and policy implications / |
| Statement of responsibility, etc. | edited by Mohammad A. Razzaque, Bazlul H. Khondker, Selim Raihan. |
| 264 #1 - PRODUCTION, PUBLICATION, DISTRIBUTION, MANUFACTURE, AND COPYRIGHT NOTICE | |
| Place of production, publication, distribution, manufacture | Dhaka : |
| Name of producer, publisher, distributor, manufacturer | University Press Limited, |
| Date of production, publication, distribution, manufacture, or copyright notice | 2011. |
| 300 ## - PHYSICAL DESCRIPTION | |
| Extent | xxi, 472 pages : |
| Other physical details | illustrations ; |
| Dimensions | 22 cm |
| 504 ## - BIBLIOGRAPHY, ETC. NOTE | |
| Bibliography, etc. note | Includes bibliographical references and index. |
| 650 #0 - SUBJECT ADDED ENTRY--TOPICAL TERM | |
| Topical term or geographic name entry element | Poverty |
| Geographic subdivision | Bangladesh. |
| 650 #0 - SUBJECT ADDED ENTRY--TOPICAL TERM | |
| Topical term or geographic name entry element | Households |
| General subdivision | Economic aspects |
| Geographic subdivision | Bangladesh. |
| 650 #0 - SUBJECT ADDED ENTRY--TOPICAL TERM | |
| Topical term or geographic name entry element | Women |
| Geographic subdivision | Bangladesh |
| General subdivision | Social conditions. |
| 650 #0 - SUBJECT ADDED ENTRY--TOPICAL TERM | |
| Topical term or geographic name entry element | Women |
| Geographic subdivision | Bangladesh |
| General subdivision | Economic conditions. |
| 700 1# - ADDED ENTRY--PERSONAL NAME | |
| Personal name | Razzaque, Mohammad A. |
| 700 1# - ADDED ENTRY--PERSONAL NAME | |
| Personal name | Khondker, Bazlul H. |
| 700 1# - ADDED ENTRY--PERSONAL NAME | |
| Personal name | Raihan, Selim. |
| 942 ## - ADDED ENTRY ELEMENTS (KOHA) | |
| Koha item type | Books |
| Withdrawn status | Lost status | Source of classification or shelving scheme | Damaged status | Not for loan | Collection | Home library | Current library | Shelving location | Date acquired | Source of acquisition | Total checkouts | Full call number | Barcode | Date last seen | Copy number | Price effective from | Koha item type |
|---|---|---|---|---|---|---|---|---|---|---|---|---|---|---|---|---|---|
| Dewey Decimal Classification | Non-fiction | Jagannath University Central Library | Jagannath University Central Library | General stacks | 08/21/2025 | Purchased | 339.460 POV | JNUCL35660 | 08/21/2025 | 1 | 08/21/2025 | Books |